[Event "Marienbad Open-B1 2019"]
[Site "Marianske Lazne"]
[Date "2019.01.20"]
[Round "2"]
[White "Voinikonis, Nikita"]
[Black "Mica, Marek"]
[Result "1/2-1/2"]
[WhiteElo "2163"]
[BlackElo "2212"]
[Annotator "ChessBase"]
[PlyCount "69"]
[EventDate "2019.01.17"]
[EventType "tourn"]
[EventCountry "CZE"]
[SourceTitle "playchess.com"]
[Source "ChessBase"]
[SourceQuality "1"]
[TimeControl "40/5400+30:1800+30"]

1. d4 {[%emt 0:00:00]} Nf6 {[%emt 0:00:00]} 2. Bg5 {[%emt 0:00:00]} e6 {[%emt 0:01:47]} 3. e4 {[%emt 0:00:28]} h6 {[%emt 0:01:00]} 4. Bxf6 {[%emt 0:00:08]} Qxf6 {[%emt 0:00:22]} 5. c3 {[%emt 0:00:08]} d5 {[%emt 0:01:13]} 6. Nd2 {[%emt 0:00:12]} c5 {[%emt 0:05:10]} 7. dxc5 {[%emt 0:10:47]} Bxc5 {[%emt 0:01:30]} 8. Ngf3 {[%emt 0:00:04]} Nc6 {[%emt 0:03:57]} 9. exd5 {[%emt 0:10:18]} exd5 {[%emt 0:00:17]} 10. Bd3 {[%emt 0:00:04]} O-O {[%emt 0:02:21]} 11. O-O {[%emt 0:00:08]} Bg4 {[%emt 0:08:53]} 12. Qa4 {[%emt 0:14:40]} Bxf3 {[%emt 0:07:54]} 13. Nxf3 {[%emt 0:00:06]} d4 {[%emt 0:01:00]} 14. c4 {[%emt 0:04:59]} Rfe8 {[%emt 0:02:59]} 15. a3 {[%emt 0:01:28]} a5 {[%emt 0:00:34]} 16. Rfe1 {[%emt 0:01:02]} b6 {[%emt 0:22:41]} 17. Re4 {[%emt 0:24:03]} Rxe4 {[%emt 0:10:51]} 18. Bxe4 {[%emt 0:00:29]} Rc8 {[%emt 0:00:10]} 19. Bd3 {[%emt 0:04:56]} Ne5 {[%emt 0:09:26]} 20. Nxe5 {[%emt 0:00:20]} Qxe5 {[%emt 0:00:05]} 21. b4 {[%emt 0:00:57]} Bd6 {[%emt 0:00:05]} 22. g3 {[%emt 0:00:16]} Qe8 {[%emt 0:00:31]} 23. Qxe8+ {[%emt 0:07:13]} Rxe8 {[%emt 0:00:05]} 24. c5 {[%emt 0:00:11]} bxc5 {[%emt 0:04:18]} 25. bxa5 {[%emt 0:00:04]} Rc8 {[%emt 0:02:14]} 26. Bc4 {[%emt 0:00:36]} Rb8 {[%emt 0:00:34]} 27. a6 {[%emt 0:03:05]} Bc7 {[%emt 0:00:30]} 28. Kg2 {[%emt 0:06:43]} Kf8 {[%emt 0:00:40]} 29. Kf3 {[%emt 0:00:12]} Ke7 {[%emt 0:01:04]} 30. Ke4 {[%emt 0:05:03]} Kd6 {[%emt 0:00:44]} 31. Bxf7 {[%emt 0:00:21]} Rf8 {[%emt 0:00:39]} 32. Bc4 {[%emt 0:04:18]} Rxf2 {[%emt 0:01:07]} 33. Rf1 {[%emt 0:01:37]} Rxf1 {[%emt 0:00:53]} 34. Bxf1 {[%emt 0:00:05]} Kc6 {[%emt 0:00:11]} 35. a4 {[%emt 0:00:26]} 1/2-1/2

[Event "Marienbad Open-B1 2019"]
[Site "Marianske Lazne"]
[Date "2019.01.21"]
[Round "3"]
[White "Florstedt, Johannes"]
[Black "Jasny, Stanislav"]
[Result "1/2-1/2"]
[WhiteElo "2320"]
[BlackElo "2365"]
[Annotator "NA"]
[PlyCount "71"]
[EventDate "2019.01.17"]
[EventType "tourn"]
[EventCountry "CZE"]
[SourceTitle "playchess.com"]
[Source "ChessBase"]
[SourceQuality "1"]
[TimeControl "40/5400+30:1800+30"]

1. e4 {[%emt 0:00:33]} c5 {[%emt 0:00:00]} 2. Nf3 {[%emt 0:00:07]} d6 {[%emt 0:00:29]} 3. d4 {[%emt 0:00:06]} cxd4 {[%emt 0:00:06]} 4. Nxd4 {[%emt 0:00:03]} Nf6 {[%emt 0:00:09]} 5. Nc3 {[%emt 0:00:05]} Nc6 {[%emt 0:00:30]} 6. f3 {[%emt 0:00:10]} e6 {[%emt 0:04:18]} 7. Be3 {[%emt 0:00:19]} Be7 {[%emt 0:00:25]} 8. Qd2 {[%emt 0:00:08]} O-O {[%emt 0:00:28]} 9. O-O-O {[%emt 0:01:02]} a6 {[%emt 0:02:03]} 10. g4 {[%emt 0:04:01]} Nd7 {[%emt 0:02:47] LiveBook: 278 Games} 11. h4 {[%emt 0:01:08]} Nxd4 {[%emt 0:00:46]} 12. Bxd4 {[%emt 0:00:08]} b5 {[%emt 0:00:28]} 13. g5 {[%emt 0:05:11]} Qc7 {[%emt 0:01:15] B80: Sicilian Scheveningen: 6 g3 and 6 Be3, including English Attack} (13... b4 14. Ne2 a5 15. f4 Bb7 16. Ng3 Qc7 17. Kb1 a4 18. Qxb4 Rfc8 19. Bd3 Nc5 20. Qd2 d5 21. e5 Ne4 22. Bxe4 dxe4 {1-0 (59) Anand,V (2786)-Andreikin,D (2713) Moscow 2013}) 14. a3 {[%emt 0:09:17]} Ne5 {[%emt 0:02:20]} 15. Qg2 {[%emt 0:07:34]} Nc6 {[%emt 0:04:33]} 16. Be3 $146 {[%emt 0:02:01]} ({Predecessor:} 16. Bf6 b4 17. axb4 Nxb4 18. Rd4 Rb8 19. Qg3 Rd8 20. Rh2 {1-0 (42) Milov,L (2482)-Schramm,C (2325) Bad Homburg 2007}) 16... b4 {[%emt 0:00:12]} 17. axb4 {[%emt 0:00:11]} Nxb4 {[%emt 0:00:07]} 18. h5 {[%emt 0:00:25]} Rb8 {[%emt 0:14:03]} 19. f4 {[%emt 0:10:48]} f5 {[%emt 0:22:37]} (19... d5 $5) 20. h6 {[%emt 0:07:11]} g6 {[%emt 0:00:13]} 21. Qd2 {[%emt 0:12:35]} fxe4 {[%emt 0:09:14]} 22. Qd4 {[%emt 0:04:13]} Rf7 {[%emt 0:01:42]} 23. Qxe4 {[%emt 0:03:35]} (23. f5 $17 {was called for.} Nc6 24. Qxe4) 23... Bb7 {[%emt 0:14:02]} 24. Qxb4 {[%emt 0:00:25]} Bxh1 {[%emt 0:00:08]} 25. Qd4 {[%emt 0:00:27]} Bb7 {[%emt 0:09:13]} 26. Bc4 {[%emt 0:01:26]} d5 {[%emt 0:00:39]} 27. Bb3 {[%emt 0:02:31]} Bc6 {[%emt 0:00:20]} 28. Bd2 {[%emt 0:16:05]} Ba8 {[%emt 0:06:49]} 29. Re1 {[%emt 0:02:28]} (29. Qe3 $17) 29... Bc5 {[%emt 0:00:24]} 30. Qd3 {[%emt 0:00:04]} Qd6 {[%emt 0:03:53]} 31. Ne2 {[%emt 0:01:41]} Bb4 {[%emt 0:00:38]} 32. c3 {[%emt 0:01:40]} Bc5 {[%emt 0:00:03]} 33. Bc2 {[%emt 0:00:35]} Qb6 {[%emt 0:00:37]} 34. b4 {[%emt 0:00:07]} Bf2 {[%emt 0:00:53]} 35. Rf1 {[%emt 0:00:38]} Qa7 {[%emt 0:00:06]} 36. Qh3 $19 {[%emt 0:05:15]} 1/2-1/2

[Event "Marienbad Open-B1 2019"]
[Site "Marianske Lazne"]
[Date "2019.01.21"]
[Round "3"]
[White "Baum, Jonasz"]
[Black "Nagy, Gabor"]
[Result "0-1"]
[WhiteElo "2302"]
[BlackElo "2479"]
[Annotator "TA"]
[PlyCount "114"]
[EventDate "2019.01.17"]
[EventType "tourn"]
[EventCountry "CZE"]
[SourceTitle "playchess.com"]
[Source "ChessBase"]
[SourceQuality "1"]

{[%evp 17,114,-13,22,30,30,27,72,53,59,64,56,37,54,54,51,48,56,39,42,9,10,12,33,22,29,18,27,-2,-2,-8,70,0,0,0,79,56,97,102,441,456,420,388,390,412,337,-8,0,0,0,-133,-122,-223,-218,-195,-219,-266,-264,-249,-229,-237,-232,-260,-252,-262,-262,-286,-284,-459,-449,-454,-437,-490,-474,-428,-436,-493,-494,-646,-645,-578,-382,-512,-500,-609,-606,-732,-727,-1064,-1045,-29977,-29978,-29996,-913,-29997,-5716,-1841,-1592,-29983,-29983]} 1. d4 $146 (1. c4 Nf6 2. Nf3 b6 3. g3 Bb7 4. Bg2 c5 5. O-O g6 6. Nc3 Bg7 7. d4 Ne4 8. Nxe4 Bxe4 9. d5 O-O {½-½ (31) Reinderman,D (2581)-Bruzon Batista,L (2691) Wijk aan Zee 2012}) ({Predecessor:} 1. Nf3 c5 2. c4 Nf6 3. g3 b6 4. Bg2 Bb7 5. O-O g6 6. Nc3 Bg7 7. d4 Ne4 8. Nxe4 Bxe4 9. d5 O-O {1-0 (40) Lipka,J (2438)-Danner,G (2445) Austria 2008}) 1... Nf6 2. c4 b6 3. Nf3 Bb7 4. g3 g6 5. Bg2 Bg7 6. Nc3 Ne4 7. Nxe4 Bxe4 8. O-O O-O 9. d5 c5 10. Bh3 {A30: Symmetrical English: Double Fianchetto and Hedgehog} Bxf3 $1 11. exf3 d6 (11... e6 12. f4 a6 13. Rb1 exd5 14. Qxd5 Nc6 15. Qxd7 Qxd7 16. Bxd7 Nb4 17. a3 Nd3 {½-½ (31) Reinderman,D (2581)-Bruzon Batista,L (2691) Wijk aan Zee 2012}) 12. Re1 {White is better.} Nd7 13. Qe2 ({Predecessor:} 13. a4 Rb8 14. Ra3 Re8 15. f4 a6 16. Bf1 Nf6 17. g4 h6 {1-0 (40) Lipka,J (2438)-Danner,G (2445) Austria 2008}) 13... Re8 14. Bg5 Bf6 15. f4 Rb8 16. a4 a6 17. Ra3 Bd4 $1 18. Kg2 Nf6 19. f5 b5 {Black wants to play ...bxc4.} (19... Qc7 {with more complications.} 20. Qd3 Kg7 21. Rb3 h6 22. Bxf6+ exf6 23. Rxe8 Rxe8 24. fxg6 fxg6 25. Be6 f5) 20. axb5 axb5 21. cxb5 Nxd5 22. fxg6 hxg6 23. f4 Bf6 (23... Qc7 $11 24. f5 Qb7) 24. Bxf6 (24. f5 $1 $14 Bxg5 25. fxg6) 24... Nxf6 $11 25. f5 $1 gxf5 (25... g5 $11 {keeps the balance.}) 26. Bxf5 $16 e6 27. Bc2 Nd7 $2 {[%mdl 8192]} (27... c4 $16 {is a better chance.}) 28. Qg4+ $18 Kf8 29. Qh5 {Qh6+ would kill now.} Qf6 30. Rf3 Qg7 31. Ref1 $2 ({White has to play} 31. Bg6 $1 $18 Re7 32. Bxf7 $1 {[%mdl 512]} Rxf7 33. Rxf7+ Qxf7 34. Rf1) 31... Ne5 32. R3f2 Re7 ({But not} 32... Rxb5 33. Ba4 $16) 33. h3 (33. Rf6 $11 Ke8 34. Rh6) 33... Rxb5 $17 34. Qe2 (34. Qd1 $17 Rb6 35. b4) 34... Rxb2 $19 35. Qa6 Rd7 36. Qa8+ Ke7 37. Ba4 Rxf2+ 38. Rxf2 Rd8 39. Qb7+ Kf8 40. Qb6 {[%cal Rb6d8]} Qg5 41. h4 Qe7 42. h5 $2 (42. Kh3 {was called for.}) 42... Kg7 43. Bd1 Qg5 44. Rf4 Kh6 {And now ...Rg8 would win.} 45. Qb3 Rg8 {Strongly threatening ...Qxf4.} 46. Qe3 {Black should prevent Rf6+.} f5 47. Kh3 Kh7 48. Kg2 Qg7 49. Bc2 Qb7+ 50. Kh2 Qb2 51. Qe2 {aiming for Bxf5+!} Qc3 52. Qg2 Ng4+ 53. Kh3 Rg5 {[%cal Rg5h5]} 54. Rxg4 Rxg4 (54... Rxh5+ $142 55. Rh4 Rxh4+ 56. Kxh4 Qf6+ 57. Kh5 Qh6#) 55. h6 {[#]} d5 (55... Rh4+ $142 $1 {[%mdl 512]} 56. Kxh4 Qf6+ {[%mdl 64] Double Attack} 57. Kh5 Qxh6#) 56. Qf2 Kxh6 57. Bxf5 {[#]} Qxg3+ $1 {[%mdl 512] Accuracy: White = 43%, Black = 58%.} 0-1

[Event "Marienbad Open-B1 2019"]
[Site "Marianske Lazne"]
[Date "2019.01.21"]
[Round "3"]
[White "Mica, Marek"]
[Black "Sernecki, Franciszek"]
[Result "1/2-1/2"]
[WhiteElo "2212"]
[BlackElo "2278"]
[Annotator "NA"]
[PlyCount "120"]
[EventDate "2019.01.17"]
[EventType "tourn"]
[EventCountry "CZE"]
[SourceTitle "playchess.com"]
[Source "ChessBase"]
[SourceQuality "1"]
[TimeControl "40/5400+30:1800+30"]

1. d4 {[%emt 0:00:00]} Nf6 {[%emt 0:00:00]} 2. c4 {[%emt 0:00:00]} e6 {[%emt 0:00:00]} 3. Nf3 {[%emt 0:00:00]} d5 {[%emt 0:00:00]} 4. Nc3 {[%emt 0:00:04]} Bb4 {[%emt 0:00:10]} 5. Qa4+ {[%emt 0:00:20]} Nc6 {[%emt 0:00:13]} 6. e3 {[%emt 0:00:34]} O-O {[%emt 0:01:12]} 7. Bd2 {[%emt 0:01:17] LiveBook: 386 Games} dxc4 {[%emt 0:10:05] D38: Queen's Gambit Declined: Ragozin Defence (4 Nf3 Bb4)} 8. Bxc4 {[%emt 0:00:11]} Bd6 {[%emt 0:00:31]} 9. Qc2 {[%emt 0:06:01]} (9. e4 e5 10. dxe5 Nxe5 11. Nxe5 Bxe5 12. O-O-O Qe8 13. Qxe8 Rxe8 14. f3 Be6 15. Bxe6 Rxe6 {½-½ (67) Navara,D (2727)-Harikrishna,P (2732) Prague 2018}) 9... e5 {[%emt 0:07:00]} 10. d5 {[%emt 0:00:36]} Ne7 {[%emt 0:00:39]} 11. e4 $146 {[%emt 0:02:28]} ({Predecessor:} 11. O-O a6 12. a3 h6 13. h3 b5 14. Ba2 Bb7 15. e4 {1-0 (39) Georgiev,K (2625)-Parligras,M (2572) Skopje 2014}) 11... Bg4 {[%emt 0:17:46]} 12. Qd3 {[%emt 0:06:49]} c6 {[%emt 0:04:06]} 13. h3 {[%emt 0:07:08]} Bxf3 {[%emt 0:16:28]} 14. Qxf3 {[%emt 0:00:07]} b5 {[%emt 0:00:50]} 15. Bb3 {[%emt 0:00:59]} b4 {[%emt 0:01:03]} 16. Ne2 {[%emt 0:01:35]} cxd5 {[%emt 0:00:37]} 17. Bxd5 {[%emt 0:03:01]} Nexd5 {[%emt 0:01:09]} 18. exd5 {[%emt 0:00:09]} Be7 {[%emt 0:15:02]} 19. Ng3 {[%emt 0:05:00]} Qxd5 {[%emt 0:05:11]} 20. Nf5 {[%emt 0:01:37]} Bc5 {[%emt 0:00:42]} 21. Qxd5 {[%emt 0:02:21]} Nxd5 {[%emt 0:00:08]} 22. Rc1 {[%emt 0:00:35]} Rac8 {[%emt 0:02:57]} 23. Ke2 {[%emt 0:00:56]} Rfd8 {[%emt 0:05:11]} 24. Rhd1 {[%emt 0:01:16]} Bf8 {[%emt 0:03:32]} 25. Rxc8 {[%emt 0:05:06]} Rxc8 {[%emt 0:00:01]} 26. Bg5 {[%emt 0:00:39]} Nb6 {[%emt 0:01:18]} 27. Ne7+ $1 {[%emt 0:00:41]} Bxe7 $1 {[%emt 0:00:01]} 28. Bxe7 {[%emt 0:00:20]} Rc2+ {[%emt 0:02:52]} 29. Kf3 {[%emt 0:01:28]} f6 {[%emt 0:01:37]} 30. Bxb4 {[%emt 0:00:38]} Rxb2 {[%emt 0:00:26]} 31. a3 {[%emt 0:00:05]} Kf7 {[%emt 0:01:30]} 32. Rd8 $1 {[%emt 0:00:51]} Rb3+ {[%emt 0:01:34]} 33. Ke4 {[%emt 0:01:04]} Rb2 {[%emt 0:01:24]} 34. Kf3 {[%emt 0:06:51]} Rc2 {[%emt 0:00:31]} 35. h4 {[%emt 0:02:28]} Rc8 {[%emt 0:00:48]} 36. Rd6 {[%emt 0:01:12]} Rc7 {[%emt 0:00:43]} 37. Ba5 {[%emt 0:02:54]} Ke7 {[%emt 0:00:32]} 38. Bb4 {[%emt 0:01:16]} Kf7 {[%emt 0:00:00]} 39. Ba5 {[%emt 0:03:09]} Rd7 {[%emt 0:00:15]} 40. Rc6 {[%emt 0:02:17]} Nd5 {[%emt 0:00:16]} 41. Ke4 {[%emt 0:31:00]} Ne7 {[%emt 0:30:57]} 42. Ra6 {[%emt 0:05:41]} Rd4+ {[%emt 0:00:00]} 43. Kf3 {[%emt 0:00:00]} Rf4+ {[%emt 0:00:00]} 44. Ke2 {[%emt 0:00:00]} Rxh4 {[%emt 0:00:00]} 45. Bb4 {[%emt 0:00:00]} Nf5 {[%emt 0:00:00]} 46. Rxa7+ {[%emt 0:00:00]} Ke6 {[%emt 0:00:00]} 47. g3 {[%emt 0:00:00]} Rh1 {[%emt 0:00:00]} 48. Kf3 {[%emt 0:00:00]} Rd1 {[%emt 0:00:00]} 49. g4 {[%emt 0:00:00]} Nh4+ {[%emt 0:00:00]} 50. Kg3 {[%emt 0:00:00]} Rd3+ {[%emt 0:00:00]} 51. Kh2 {[%emt 0:00:00]} (51. Kxh4 $2 {gets mated.} g5+ 52. Kh5 Rh3#) 51... Rd7 $11 {[%emt 0:00:00]} 52. Rxd7 {[%emt 0:00:00]} Kxd7 {[%emt 0:00:00]} 53. Bf8 {[%emt 0:00:00]} g5 {[%emt 0:00:00]} 54. a4 {[%emt 0:00:00]} Nf3+ {[%emt 0:00:40]} 55. Kg2 {[%emt 0:00:00]} e4 {[%emt 0:01:48]} 56. a5 {[%emt 0:05:34]} Kc6 {[%emt 0:00:38]} 57. Be7 {[%emt 0:00:45]} Ne5 {[%emt 0:00:07]} 58. Bxf6 Nxg4 {[%emt 0:00:07]} 59. Bxg5 {[%emt 0:01:08]} Kb5 {[%emt 0:00:06]} 60. Kg3 {[%emt 0:00:40]} Nxf2 {[%emt 0:00:08]} 1/2-1/2

[Event "Marienbad Open-B1 2019"]
[Site "Marianske Lazne"]
[Date "2019.01.21"]
[Round "3"]
[White "Kornitzky, Tino"]
[Black "Gorbatov, Alexej"]
[Result "0-1"]
[WhiteElo "2133"]
[BlackElo "2389"]
[Annotator "TA"]
[PlyCount "220"]
[EventDate "2019.01.17"]
[EventType "tourn"]
[EventCountry "CZE"]
[SourceTitle "playchess.com"]
[Source "ChessBase"]
[SourceQuality "1"]

{[%evp 17,220,12,10,-7,-8,-13,43,33,38,47,145,27,39,0,0,0,0,0,0,0,0,0,0,0,0,0,0,0,1,0,18,17,12,35,60,64,68,39,39,0,0,0,0,0,0,0,0,0,0,0,0,-6,-6,-6,-6,-14,-15,-11,0,0,0,0,0,0,0,0,0,0,0,0,0,0,0,0,0,-51,-51,-51,-50,-51,-50,-51,-50,-51,-50,-50,-50,-50,-50,-50,-50,-51,-51,-51,-51,-51,-35,-51,-9,-51,-51,-51,-51,-51,-42,-51,-51,-51,-51,-51,0,-18,0,0,0,0,0,-12,0,0,0,0,0,0,0,-1,0,0,0,0,0,-18,0,-39,-18,-27,0,0,0,0,0,0,0,0,0,0,0,0,0,0,0,0,0,0,0,-10,0,0,0,-396,0,-1,0,-174,-160,-589,-590,-643,-639,-631,-619,-620,-112,-114,-66,-622,0,-114,-114,-596,-592,-576,-546,-488,-431,-29967,-700,-29966,-29961,-29974,-29975,-29975,-29976,-29988,-29989,-29989,-29990,-29991,-29987,-29987,-29988,-29988,-29989,-29992,-29993]} 1. d4 d5 2. c4 e6 3. g3 g6 4. Bg2 Bg7 5. Nf3 Ne7 6. O-O Nbc6 7. cxd5 exd5 8. Nc3 O-O 9. Bf4 Bg4 {LiveBook: 15 Games. A13: English Opening: 1...e6} 10. e3 $146 ({Predecessor:} 10. Nb5 Rc8 11. Ne5 Nxe5 12. Bxe5 Qd7 13. Bxg7 Kxg7 14. Nc3 c6 15. Re1 Bh3 16. Bh1 Nf5 17. e3 {0-1 (29) Bernadskiy,V (2565)-Shimanov,A (2658) Minsk 2014}) 10... h6 11. h4 a6 (11... f6 $11 12. e4 dxe4 13. Qb3+ Kh7 14. Nxe4 Nd5) 12. Qb3 $14 Na5 13. Qa4 Nec6 {[#]} (13... c6 $14) 14. Ne5 (14. Nxd5 $1 $16 {[%mdl 512] aiming for Nh2.} Qxd5 15. Ne5) 14... Be6 $11 15. Nxc6 (15. e4 {with more complications.} dxe4 16. Rfd1 b5 17. Qc2 Nxd4 18. Qxe4 c5 19. b4) 15... Nxc6 16. e4 dxe4 ({Not} 16... Bxd4 $2 17. exd5 Bxc3 18. bxc3 $18 (18. dxe6 Bg7 $18)) 17. d5 Bxd5 18. Nxd5 Qxd5 19. Bxe4 Qb5 20. Qxb5 axb5 21. Bxc7 Rfe8 22. Bd5 Re7 23. Bb6 Ra6 24. Be3 Nb4 25. Bb3 {Bc5 is the strong threat.} Nd3 26. Rad1 Nxb2 27. Rd5 Nc4 28. Rxb5 (28. Bf4 {is more complex.} Kh7 29. Rxb5 Na5 30. Bd5 Nc6 31. Rfb1) 28... Nxe3 29. fxe3 h5 30. e4 Rd6 31. Bd5 b6 32. Rb4 Be5 33. Kg2 Rc7 34. Rf2 Kg7 35. Rc4 Ra7 36. Rc8 Rdd7 37. Rc6 Bd4 38. Rd2 Bc5 39. Re2 Ra3 40. Bb3 Raa7 41. e5 Re7 42. e6 fxe6 43. Rexe6 Rxe6 44. Rxe6 {[%mdl 4096] Endgame KRB-KRB} Rd7 45. Re2 Rd3 46. Kh3 (46. Bc2 $11 Rd4 47. Kh3) 46... Bd6 $15 47. Rg2 $1 Kh6 48. Rg1 g5 49. Rg2 g4+ 50. Kh2 Kg7 51. Bc4 Rc3 52. Bb5 Re3 53. Bc4 Kf6 54. Bb3 b5 55. Bd5 Rc3 56. Bb3 Be5 57. Bd5 Ke7 58. Bb3 Rf3 59. Bd5 Re3 60. Bb3 Rc3 61. Bd5 Bc7 62. Bb3 Rf3 63. Bd5 Rf5 (63... Re3 $1 $15) 64. Bb3 Bb6 65. Bc2 Rf6 66. Bd3 b4 67. Bc4 Bf2 68. Bb3 Kd6 69. Ba4 Ke7 70. Bb3 Kf8 71. Bc4 Kg7 72. Bb3 Bc5 73. Bd5 Rf5 74. Bb3 Kf6 75. Bc2 Re5 76. Bb3 Ke7 77. Bc4 Rf5 78. Bb3 Kd6 79. Bc2 Re5 80. Bb3 Bd4 81. Bc4 Be3 82. Bb3 Kc5 83. Bf7 Kd4 84. Bb3 Kd3 85. Bc2+ Kc3 86. Bb3 Rf5 87. Rc2+ Kd3 88. Rg2 $2 {[%mdl 8192]} (88. Rb2 $11) 88... Rf6 $2 (88... Bf2 $1 $19 {Threatens to win with ...Ke2.} 89. Ba4 Ke3) 89. Bc2+ $11 Kd4 {Threatening ...Bf2.} 90. Bb3 $2 (90. Re2 $11 {and White is okay.}) 90... Bf2 $19 91. Ba4 $2 {[#]} (91. Bc2 $17) 91... Ke3 $1 92. Bb3 Rf5 93. Be6 Rc5 94. Bb3 Rc3 $2 (94... Rc7 $19 {has better winning chances.} 95. Be6 Ra7) 95. Bf7 $17 Ra3 96. Bc4 $2 {[%mdl 8192]} (96. Bxh5 $15 Rxa2 97. Bxg4) 96... Rc3 $2 (96... Ra7 $19 {is more deadly.} 97. Be6 Re7) 97. Bf7 {[#]} Rc2 $1 98. Bb3 $2 {[%mdl 8192]} (98. Bxh5 $17 {is a better chance.} Kf3 99. Bf7) 98... Rd2 $19 99. Bf7 Kf3 100. Kh1 Rd7 101. Be8 (101. Be6 $19 Rd6 102. Bf7) 101... Rd6 (101... Rd1+ $142 102. Kh2 Rd2 103. Bf7 Bxg3+ 104. Kh1 Rxg2 105. Bd5+ Kf2 106. Bxg2 Bxh4 107. Bb7 Be7 108. Be4 h4 109. Bf5 Kg3 110. Be6 Bc5 111. Bb3 h3 112. Bd5 Kh4 113. Bc6 g3 114. Bf3 Kg5 115. Bd5 Kf4 116. Bb7 Ke3 117. Bg2 hxg2+ 118. Kxg2 Bd6 119. Kh3 Kf3 120. Kh4 g2 121. Kg5 g1=Q+ 122. Kf5 Qg8 123. Kf6 Kg4 124. a3 Kh5 125. axb4 Qg6#) 102. Kh2 Rd2 $1 {[%csl LRa2,LRg3] Black mates.} 103. Bc6+ Ke3 104. Be8 Rxa2 105. Bxh5 Kf3 $1 106. Kh1 b3 {[%cal Bb4b3,Bb3b2][%mdl 32]} 107. Bg6 Bxg3 108. Be4+ Kxe4 109. Rxg3 b2 110. Rxg4+ Kf3 {Precision: White = 56%, Black = 56%.} 0-1

[Event "Marienbad Open-B1 2019"]
[Site "Marianske Lazne"]
[Date "2019.01.21"]
[Round "3"]
[White "Patil, Mitali"]
[Black "Voinikonis, Nikita"]
[Result "1-0"]
[WhiteElo "2062"]
[BlackElo "2163"]
[Annotator "NA"]
[PlyCount "63"]
[EventDate "2019.01.17"]
[EventType "tourn"]
[EventCountry "CZE"]
[SourceTitle "playchess.com"]
[Source "ChessBase"]
[SourceQuality "1"]
[TimeControl "40/5400+30:1800+30"]

1. e4 {[%emt 0:00:00]} g6 {[%emt 0:01:14]} 2. d4 {[%emt 0:00:00]} Bg7 {[%emt 0:00:05]} 3. Nc3 {[%emt 0:00:00]} d6 {[%emt 0:00:05]} 4. f4 {[%emt 0:00:48]} e6 {[%emt 0:00:35]} 5. Nf3 {[%emt 0:00:23]} Ne7 {[%emt 0:00:05]} 6. Be3 {[%emt 0:00:24]} b6 {[%emt 0:00:08] B06: Modern Defence} (6... a6 7. Bd3 b5 8. O-O O-O 9. Qd2 Nd7 10. f5 exf5 11. exf5 Nxf5 12. Bxf5 gxf5 13. Bg5 Nf6 14. Rae1 c6 {½-½ (50) Kacharava,N (2362)-Paravyan,D (2613) Batumi 2018}) 7. Qd2 {[%emt 0:02:29]} d5 {[%emt 0:05:21]} 8. e5 {[%emt 0:03:14]} Qd7 $146 {[%emt 0:01:13]} ({Predecessor:} 8... Nd7 9. O-O-O a6 10. Be2 b5 11. g4 Nb6 12. b3 Nc6 13. h4 Qe7 14. Nb1 {½-½ (73) Treffert,P (2295)-Reich,T (2440) Germany 2006}) 9. Rg1 {[%emt 0:10:19]} Ba6 {[%emt 0:03:42]} 10. O-O-O {[%emt 0:09:29]} Bxf1 {[%emt 0:01:42]} 11. Rdxf1 {[%emt 0:00:02]} Nbc6 {[%emt 0:00:11]} 12. g4 {[%emt 0:03:52]} Na5 {[%emt 0:09:11]} 13. Bf2 {[%emt 0:05:04]} Nc4 {[%emt 0:03:01]} 14. Qd3 {[%emt 0:02:32]} Bh6 {[%emt 0:01:18]} 15. Ng5 {[%emt 0:05:12]} c5 {[%emt 0:03:44]} 16. h4 {[%emt 0:04:44]} cxd4 {[%emt 0:12:44]} 17. Bxd4 {[%emt 0:00:23]} Nc6 {[%emt 0:02:36]} 18. Kb1 {[%emt 0:05:56]} O-O-O {[%emt 0:03:25]} 19. Rh1 {[%emt 0:13:53]} Qe7 {[%emt 0:07:34]} 20. a3 {[%emt 0:04:34]} Bg7 {[%emt 0:24:22]} 21. Nb5 Nxd4 {[%emt 0:09:40]} 22. Nxd4 {[%emt 0:06:46]} Kb7 {[%emt 0:01:18]} 23. Re1 {[%emt 0:09:33]} h5 {[%emt 0:04:46]} 24. b3 $11 {[%emt 0:01:35]} Nxa3+ {[%emt 0:01:17]} 25. Kb2 {[%emt 0:00:28]} hxg4 {[%emt 0:00:30]} 26. Ra1 {[%emt 0:00:50]} Bf8 {[%emt 0:00:02]} 27. Ra2 {[%emt 0:02:53]} b5 {[%emt 0:03:05]} 28. Nxb5 {[%emt 0:00:58]} Nxb5 {[%emt 0:00:01]} 29. Qxb5+ {[%emt 0:00:01]} Ka8 {[%emt 0:00:02]} 30. Rxa7+ {[%emt 0:05:43]} Qxa7 {[%emt 0:00:04]} 31. Ra1 {[%emt 0:00:01]} Be7 {[%emt 0:00:01]} 32. Qc6+ {[%emt 0:01:06]} 1-0